Catálogo
 En Linea

¿Existe algún signo para el conocimiento de la toxicidad de los hongos agaricáceos? / (Registro nro. 55717)

Detalles MARC
000 -CABECERA
campo de control de longitud fija 01049nam a22002537i 4500
003 - IDENTIFICADOR DEL NÚMERO DE CONTROL
campo de control DO-SdBNP
005 - FECHA Y HORA DE LA ÚLTIMA TRANSACCIÓN
campo de control 20240215085342.0
007 - CAMPO FIJO DE DESCRIPCIÓN FÍSICA--INFORMACIÓN GENERAL
campo de control de longitud fija ta
008 - DATOS DE LONGITUD FIJA--INFORMACIÓN GENERAL
campo de control de longitud fija 240117b1917 dr ||||| |||| 00| 0 spa d
040 ## - FUENTE DE LA CATALOGACIÓN
Centro catalogador/agencia de origen DO-SdBNP
Lengua de catalogación spa
Centro/agencia transcriptor BNPHU
Normas de descripción rda
100 1# - ENTRADA PRINCIPAL--NOMBRE DE PERSONA
Nombre de persona Rodríguez Castro, Domingo A.
Término indicativo de función/relación autor
9 (RLIN) 84797
110 2# - ENTRADA PRINCIPAL--NOMBRE DE ENTIDAD CORPORATIVA
Nombre de entidad corporativa o nombre de jurisdicción como elemento de entrada Universidad Central de Santo Domingo :
Unidad subordinada Facultad de Farmacia y Ciencias Químicas
9 (RLIN) 84798
245 10 - MENCIÓN DE TÍTULO
Título ¿Existe algún signo para el conocimiento de la toxicidad de los hongos agaricáceos? /
Mención de responsabilidad, etc. Domingo A. Rodríguez Castro.
264 ## - PRODUCCIÓN, PUBLICACIÓN, DISTRIBUCIÓN, FABRICACIÓN Y COPYRIGHT
Producción, publicación, distribución, fabricación y copyright Santo Domingo :
Nombre del de productor, editor, distribuidor, fabricante Tipografía El Progreso Emiliano,
Fecha de producción, publicación, distribución, fabricación o copyright 1917.
300 ## - DESCRIPCIÓN FÍSICA
Extensión 19, [4] páginas ;
Dimensiones 25 cm.
336 ## - TIPO DE CONTENIDO
Fuente rdacontent
Término de tipo de contenido texto
Código de tipo de contenido txt
337 ## - TIPO DE MEDIO
Fuente rdamedia
Nombre/término del tipo de medio sin mediación
Código del tipo de medio n
338 ## - TIPO DE SOPORTE
Fuente rdacarrier
Nombre/término del tipo de soporte volumen
Código del tipo de soporte nc
500 ## - NOTA GENERAL
Nota general Tesis para el Doctorado en Farmacia y Ciencias Químicas. Licenciado en Farmacia
504 ## - NOTA DE BIBLIOGRAFÍA, ETC.
Nota de bibliografía, etc. Bibliografía : p. [23]
590 ## - NOTA LOCAL (RLIN)
Nota local Perteneció a la biblioteca personal de Carlos Larrazábal Blanco.
590 ## - NOTA LOCAL (RLIN)
Nota local Inventariado, 2024 /LP
942 ## - ELEMENTOS DE PUNTO DE ACCESO ADICIONAL (KOHA)
Fuente del sistema de clasificación o colocación Dewey Decimal Classification
Tipo de ítem Koha Folleto
Existencias
Estado de retiro Estado de pérdida Fuente del sistema de clasificación o colocación Restricciones de uso No para préstamo Código de colección Localización permanente Ubicación/localización actual Ubicación en estantería Fecha de adquisición Total de préstamos Código de barras Fecha visto por última vez Precio válido a partir de Tipo de ítem Koha
    Dewey Decimal Classification Excluido de préstamo   Patrimonio Dominicano Raros y Valiosos Biblioteca Nacional Pedro Henríquez Ureña Biblioteca Nacional Pedro Henríquez Ureña En catalogación 17.01.2024   2024-0290 17.01.2024 17.01.2024 Folleto

Con tecnología Koha